| 000 | 00512nam a2200169Ia 4500 | ||
|---|---|---|---|
| 999 |
_c15711 _d15711 |
||
| 003 | OSt | ||
| 005 | 20200606115832.0 | ||
| 008 | 190216s9999||||xx |||||||||||||| ||und|| | ||
| 040 | _cMESKC library | ||
| 082 |
_a891.43 _bTIW/Z |
||
| 100 |
_aThiwary, Vishva Mohan _9452 |
||
| 245 | 0 |
_aZinthagi Fir Fir Mere Karib He / _cVishva Mohan Thiwary |
|
| 260 |
_bBhageerath Seva Samsthan, _aNew Delhi: _c1991. |
||
| 300 | _a216p | ||
| 650 | _aHindi | ||
| 942 |
_cBK _2ddc _h891.43 _iTIW/Z _k891.43 _mTIW/Z |
||